000 00302nam a22001337a 4500
082 _a894.812.3
_bKUT/K
100 _aKADAMBAZHIPPURAM,K N KUTTY
245 _aKERALATHILE MUTHASSIKKATHAKAL
250 _aSECOND
260 _aTHRISSUR
_bH&C
_c2009
300 _a64
650 _aSTORY
_zKERALA
942 _cBK
999 _c1821
_d1821